00587cam a22002291 4500001001300000003000400013005001700017008004100034010001700075025001900092035002000111040002100131042001200152050001800164100003000182245003100212260001100243300002300254500001400277650004900291999001700340sa 68009763 DLC20260227112546.0950117s1967 ii 000 0 tamo  asa 68009763  aPL480:I-T-2340 a(OCoLC)31829436 aDLCcCUdCUdDLC apremarc00aPL4758.4b.S41 aSenthilnathan, S.,d1943-10aTamil̲c cir̲ukataikaḷ. c[1967] aii, 100 p.c18 cm. aIn Tamil. 0aShort stories, TamilxHistory and criticism. c83124d83124